000 00418nam a2200181Ia 4500
003 0STCL
008 150530s9999 xx 000 0 und d
040 _aSTCL
_cSTCL
100 _aParappurath
245 _aPanitheeratha Veedu
250 _a9
260 _bSahithya Pravarthaka Co Operative Society
_c1992
300 _a0
546 _aMalayalam
942 _2ddc
_cBK
999 _c73777
_d73777
005 20220125171537.0